| 000 | 00752cab a2200265 4500 | ||
|---|---|---|---|
| 001 | ABS56888 | ||
| 008 | 090401t1997 xxu||||| |||| 00| 0 eng d | ||
| 035 | _a(Sirsi) u77824 | ||
| 041 | _aeng | ||
| 100 | _aLi, L,H. | ||
| 245 | _aValuation of land in China | ||
| 260 | _c1997 | ||
| 350 | _a0 | ||
| 490 |
_aValuer and Land Economist _v34(5) February 1997, 462-467(6) |
||
| 520 | _aReports on the valuation of land in China. Looks at current practice and considers how it could be adapted to suit future needs. | ||
| 650 | _aBEIJING | ||
| 650 | _aCHINA | ||
| 650 | _aLAND VALUES | ||
| 650 | _aTIANJIN | ||
| 650 | _aVALUATION PRACTICE | ||
| 650 | _aVALUERS | ||
| 690 | _aOVERSEAS-REST OF THE WORLD | ||
| 942 | _n0 | ||
| 948 | _c21/04/1997 | ||
| 999 |
_c48930 _d48930 |
||